Xem hình sắc tay chẩn đoán bệnh

Salvato in:
Dettagli Bibliografici
Natura: Libro
Lingua:Undetermined
Pubblicazione: Hà Nội Thanh niên 2012
Soggetti:
Tags: Aggiungi Tag
Nessun Tag, puoi essere il primo ad aggiungerne! !
Thư viện lưu trữ: Trung tâm Học liệu Trường Đại học Cần Thơ
LEADER 00481nam a2200169Ia 4500
001 CTU_194133
008 210402s9999 xx 000 0 und d
020 |c 61000 
082 |a 615.882 
082 |b X202 
245 0 |a Xem hình sắc tay chẩn đoán bệnh 
245 0 |c Hải Ngọc (biên soạn) 
260 |a Hà Nội 
260 |b Thanh niên 
260 |c 2012 
650 |a Folk medicine,Đông y 
980 |a Trung tâm Học liệu Trường Đại học Cần Thơ